| 000 | 01019 a2200241 4500 | ||
|---|---|---|---|
| 003 | Nust | ||
| 005 | 20220811160743.0 | ||
| 010 | _a 2001281128 | ||
| 020 | _a0070486832 | ||
| 040 | _cNust | ||
| 082 | 0 | 0 | _a005.133,BRO |
| 100 | 1 |
_aBrown, Bradley D. _996938 |
|
| 245 | 1 | 0 |
_aOracle9i Web development / _cBradley D. Brown. |
| 260 |
_aNew York : _bOsborne/McGraw-Hill, _cc2001. |
||
| 300 |
_alx, 1119 p. : _bill. ; _c23 cm. |
||
| 505 | _aPart-1: Getting Prepared (Page-3), Par-2: Core Concepts (Page-161), Part-3: Modules (Page-489), Part-4: Oracle Tools (Page-647), Part-5: Ongoing Support (Page-955). | ||
| 650 | 0 |
_aComputer software _xDevelopment. _918022 |
|
| 650 | 0 |
_aWorld Wide Web. _918094 |
|
| 856 | 4 | 2 |
_3Contributor biographical information _uhttp://www.loc.gov/catdir/bios/mh042/2001281128.html |
| 856 | 4 | 2 |
_3Publisher description _uhttp://www.loc.gov/catdir/description/mh024/2001281128.html |
| 856 | 4 | 2 |
_3Table of contents _uhttp://www.loc.gov/catdir/toc/mh023/2001281128.html |
| 942 |
_2ddc _cBK _k005.133,BRO |
||
| 999 |
_c176703 _d176703 |
||